Flugzeugflotten Teil 5-Finnair - Statistiken

Allgemein
  • Dieses Quiz wurde 49 mal gespielt
  • Das Durchschnittsergebnis liegt bei 6 aus 7
Antwortstatistiken
Anzahl Flugzeugtyp % Korrekt
10 Airbus A320-200
100%
17 Airbus A350-900
98%
6 Airbus A319-100
95%
15 Airbus A321-200
95%
8 Airbus A330-300
93%
12 Embraer 190
53%
12 ATR 72-500
33%
Keine übereinstimmenden Quizze gefunden
Verteilung der Resultate
Anzahl Personen mit jedem Resultat
Perzentil nach korrekt beantworteten Fragen
Ihre Resultats-Entwicklung
Sie haben dieses Quiz noch nicht gespielt